000 00765nam a2200241Ia 4500
003 OSt
005 20250602112334.0
008 220923b |||||||| |||| 00| 0 eng d
020 _a8170620961
037 _cReference
040 _aRTL
_cRTL
_beng
041 _2eng
_aeng
084 _az.2.N9t5:g No/SC
_qRTL
245 0 _aEighth plan perspectives
260 _a New Delhi
_bLancer International
_c1990
300 _aviii, 281 p.
_bIncludes bibliographical reference and index
650 _aEconomic policy
650 _aIndia Economic policy 1980-1991
_9811327
650 _aNational economic plan
_9811328
700 _aAdiseshiah Malcolm S
_eEditor
942 _hz.2.N90ts:g N0/SC
_cREF
_2CC
_n0
999 _c600288
_d600288